000 00272nam a22001217a 4500
008 181001b xxu||||| |||| 00| 0 eng d
041 _aeng
080 _a820
100 _a21
101 _aGJL
245 _aThe literature of early America
_cBurbank,R.J
942 _2udc
_cBK
999 _c48735
_d48735